| 000 | 00437nam a2200193Ia 4500 | ||
|---|---|---|---|
| 005 | 20250425162713.0 | ||
| 008 | 250425s9999 xx 000 0 und d | ||
| 041 | _aeng | ||
| 082 | _a551.46 | ||
| 100 | _aMOORE, ROBERT | ||
| 245 | 0 | _aOCEANOGRAPHY | |
| 250 | _aS.E | ||
| 260 |
_aEstados Unidos _bSCIENTIFIC AMERICAN _c1971 |
||
| 260 | _aNEW BEDFORD | ||
| 300 | _a417 | ||
| 650 | _aOCEANOGRAFIA | ||
| 942 | _c01 | ||
| 010 | _a98328 | ||
| 999 |
_c234733 _d234733 |
||